|
|
|
|
| LEADER |
00932cam a2200253 7i4500 |
| 001 |
0000007612 |
| 005 |
20181126090000.0 |
| 020 |
|
|
|a 9788178081373 (pbk.)
|
| 020 |
|
|
|a 8178081377 (pbk.)
|
| 020 |
|
|
|a 9780805317558
|
| 020 |
|
|
|a 0805317554 (hbk.)
|
| 090 |
0 |
0 |
|a QA76.9.D3
|b E46 2000
|
| 100 |
1 |
|
|a Elmasri, Ramez
|
| 245 |
1 |
0 |
|a Fundamentals of database systems
|c Ramez Elmasri, Shamkant B. Navathe.
|
| 250 |
|
|
|a 3rd ed.
|
| 260 |
|
|
|a Singapore:
|b Pearson Education Asia,
|c 2000.
|
| 300 |
|
|
|a xxvii, 955 p.:
|b ill.;
|c 24 cm.
|
| 504 |
|
|
|a Includes bibliographical references and index
|
| 650 |
0 |
0 |
|a Data management
|
| 700 |
1 |
|
|a Navathe, Shamkant B
|
| 997 |
|
|
|a Communication, Visual Art & Computing, Faculty
|b Computing, Department
|
| 999 |
|
|
|a 0000002349
|b BOK
|c OPEN SHELF
|e 2nd Floor, Bestari Jaya
|
| 999 |
|
|
|a 0000002350
|b BOK
|c OPEN SHELF
|e 2nd Floor, Bestari Jaya
|
| 999 |
|
|
|a 0000008589
|b BOK
|c OPEN SHELF
|e 2nd Floor, Bestari Jaya
|